Design for sustainable development: environmental management and safety and health

Uloženo v:
Podrobná bibliografie
Hlavní autoři: Zwetsloot, Gerald (Autor), Bos, Jaap (Autor)
Médium: Kniha
Jazyk:angličtina
Vydáno: Dublin European Foundation 1998
Témata:
Tagy: Přidat tag
Žádné tagy, Buďte první, kdo vytvoří štítek k tomuto záznamu!

MARC

LEADER 00000nam a2200000 a 4500
001 UCP6324
003 CL-VaPUC
008 991021e19980000ie |||||||||||||||||eng|d
082 0 4 |a 333.7  |b ZWE  |2 21 
100 0 |a Zwetsloot, Gerald  |e author  |9 435372 
700 0 |a Bos, Jaap  |e author  |9 435373 
245 1 0 |a Design for sustainable development: environmental management and safety and health 
300 |a 72 p 
942 |c BK 
945 |d 19991021 00:00:00  |a rbrito 
260 |a Dublin  |b European Foundation  |c 1998 
650 0 |a Medio ambiente  |9 257625 
650 7 |a RECURSOS SUSTENTABLES  |2 CL-VaPUC  |9 340444 
650 7 |a DESARROLLO SUSTENTABLES  |2 CL-VaPUC  |9 345264 
651 0 |a Europa  |9 255156 
583 |a last modification  |c 20150507 03:53:20  |k Rodrigo Vera 
999 |c 283915  |d 283913 
952 |0 0  |1 0  |4 0  |6 333_700000000000000_ZWE_1998  |7 0  |8 A  |9 327452  |a BIBGIM  |b BIBGIM  |d 2019-11-20  |i 3510875  |o 333.7 ZWE 1998  |p 3510875  |r 2025-01-15  |w 2019-11-20  |y BK  |k GIM